[Event "Petrovskaya Ladya op 08"]
[Site "Peterhof"]
[Date "2007.08.13"]
[Round "7"]
[White "Novitsky, Alexey"]
[Black "Rubtsov, Alexander"]
[Result "1/2-1/2"]
[WhiteElo "1969"]
[BlackElo "2336"]
[PlyCount "85"]
[EventDate "2007.08.06"]
[EventType "swiss"]
[EventRounds "9"]
[EventCountry "RUS"]
[SourceTitle "EXT 2008"]
[Source "ChessBase"]
[SourceDate "2007.11.25"]
[SourceVersion "1"]
[SourceVersionDate "2007.11.25"]
[SourceQuality "1"]

1. e4 Nf6 2. e5 Nd5 3. d4 d6 4. Nf3 Bg4 5. c4 Nb6 6. d5 dxe5 7. h3 Bxf3 8. Qxf3 c6 9. Nc3 g6 10. Bg5 Bg7 11. Rd1 Qc7 12. c5 Nxd5 13. Nxd5 cxd5 14. Qxd5 Nc6 15. Bc4 0-0 16. 0-0 Rad8 17. Qe4 Rd4 18. Rxd4 Nxd4 19. b4 e6 20. Rc1 Rc8 21. Qh4 Qc6 22. Be3 Qa4 23. Bxd4 exd4 24. Qe7 Qc6 25. Be2 Bf8 26. Qf6 Qd7 27. Qf3 e5 28. a3 f5 29. Bc4+ Kh8 30. Qd5 Qxd5 31. Bxd5 Rc7 32. Kf1 Kg7 33. Ke2 Kf6 34. g3 e4 35. f4 g5 36. fxg5+ Kxg5 37. Rf1 Re7 38. Rc1 Kf6 39. c6 bxc6 40. Rxc6+ Ke5 41. Bb3 Re8 42. Ra6 Re7 43. Rc6 1/2-1/2

[Event "Petrovskaya Ladya op 08"]
[Site "Peterhof"]
[Date "2007.08.09"]
[Round "4"]
[White "Azimova, Karina"]
[Black "Novitsky, Alexey"]
[Result "1/2-1/2"]
[WhiteElo "1862"]
[BlackElo "1969"]
[PlyCount "70"]
[EventDate "2007.08.06"]
[EventType "swiss"]
[EventRounds "9"]
[EventCountry "RUS"]
[SourceTitle "EXT 2008"]
[Source "ChessBase"]
[SourceDate "2007.11.25"]
[SourceVersion "1"]
[SourceVersionDate "2007.11.25"]
[SourceQuality "1"]

1. e4 e5 2. Nc3 Nf6 3. Nf3 Nc6 4. d4 exd4 5. Nxd4 Bb4 6. Nxc6 Bxc3+ 7. bxc3 bxc6 8. Bd3 h6 9. 0-0 d6 10. Re1 0-0 11. Rb1 Be6 12. a4 Rb8 13. Rxb8 Qxb8 14. Qf3 Qd8 15. h3 Nd7 16. Qg3 Qf6 17. Bd2 Rb8 18. a5 Nc5 19. Kh2 Nxd3 20. cxd3 Rb2 21. Re2 Ra2 22. c4 Ra3 23. Re3 Qg5 24. Qxg5 hxg5 25. Rg3 Ra2 26. Bxg5 Rxa5 27. Bf6 g6 28. f4 Kh7 29. Bd8 Ra2 30. Bxc7 d5 31. cxd5 cxd5 32. Be5 Ra3 33. h4 dxe4 34. dxe4 Rxg3 35. Kxg3 a5 1/2-1/2

[Event "Petrovskaya Ladya op 08"]
[Site "Peterhof"]
[Date "2007.08.06"]
[Round "1"]
[White "Novitsky, Alexey"]
[Black "Abzalov, Ivan"]
[Result "0-1"]
[WhiteElo "1969"]
[BlackElo "2121"]
[PlyCount "56"]
[EventDate "2007.08.06"]
[EventType "swiss"]
[EventRounds "9"]
[EventCountry "RUS"]
[SourceTitle "EXT 2008"]
[Source "ChessBase"]
[SourceDate "2007.11.25"]
[SourceVersion "1"]
[SourceVersionDate "2007.11.25"]
[SourceQuality "1"]

1. e4 e6 2. d4 d5 3. e5 c5 4. c3 Qb6 5. Nf3 Nc6 6. a3 a5 7. Qa4 Bd7 8. Bb5 Nge7 9. b4 cxd4 10. cxd4 Nxe5 11. Bxd7+ Nxd7 12. Bb2 Nf5 13. Nbd2 Qa6 14. b5 Qd6 15. Rc1 Nb6 16. Qb3 Be7 17. 0-0 0-0 18. Qd3 Rfc8 19. Ne5 Rxc1 20. Rxc1 f6 21. Nef3 Qd7 22. Re1 Nd6 23. Qe2 Kf7 24. Nh4 Nxb5 25. Qh5+ Kg8 26. Qe2 Nc7 27. Nf5 exf5 28. Qxe7 Re8 0-1